Cinéma en images par lettres - W - Statistiques

Statistiques générales
  • Ce quiz a été pris 159 fois
  • Le résultat moyen est 13 sur 24
Statistiques - réponses
Par images Hint Réponse % Correct
Studio Warner Bros.
97%
Personnage Willy Wonka
95%
Actrice Emma Watson
93%
Film Wall-E
93%
Genre Western
91%
Studio Walt Disney
90%
Personnage Wallace
78%
Acteur Denzel Washington
75%
Attraction touristique Walk of Fame
63%
Film Whiplash
59%
Acteur Lambert Wilson
58%
Actrice Kate Winslet
52%
Film West Side Story
51%
Acteur John Wayne
43%
Actrice Sigourney Weaver
42%
Film Watchmen
32%
Compositeur John Williams
31%
Réalisateur Orson Welles
28%
Film Waterworld
28%
Film Wayne's World
24%
Acteur Jacques Weber
22%
Film Wild Wild West
21%
Réalisatrices Soeurs Wachowski
19%
Réalisateur/Acteur Taika Waititi
19%
Aucun quiz correspondant
Distribution des résultats
% des personnes avec chaque résultat
Percentile par nombre de réponses
Votre historique - résultats
Vous n’avez pas pris ce quiz